| 000 | 01620nam0a2200337 4500 | ||
|---|---|---|---|
| 001 | RU\NLR\BIBL_A\010885625 | ||
| 005 | 20260408193820.0 | ||
| 010 |
_a978-5-7473-0745-2 _950 |
||
| 021 |
_aRU _b2015-80520 _94882 |
||
| 035 | _a(NLR Aleph) 010885625 | ||
| 035 | _a(NILC)RuMoRGB-008046176 | ||
| 090 |
_a10524904 _c10524904 |
||
| 100 | _a20151110d2015 k y0rusy50 ca | ||
| 101 | 0 | _arus | |
| 102 | _aRU | ||
| 105 | _aa|||z|||000yy | ||
| 200 | 1 |
_aАнализ разрушений узлов и деталей подвижного состава железных дорог и их ремонт _eмонография _fВ. Б. Цкипуришвили _gФедер. агентство ж.-д. трансп., Федер. гос. бюджет. образоват. учреждение высш. проф. образования "Московский гос. ун-т путей сообщ." |
|
| 210 |
_aМосква _cМосковский государственный университет путей сообщения _d2015 |
||
| 215 |
_a306 с. _cил. _d21 |
||
| 300 | _aНа 4-й с. обл. авт.: Цкипуришвили В.Б., д.т.н., проф. | ||
| 320 | _aБиблиогр.: с. 299-303 (36 назв.) | ||
| 606 |
_aПодвижной состав (ж.-д.) _xРемонт _3RU\NLR\AUTH\661343290 _92238457 |
||
| 675 | _a629.4 | ||
| 686 | 1 | _aО22-083 | |
| 700 | 1 |
_aЦкипуришвили _bВ. Б. _gВалерий Багратович |
|
| 801 | 0 |
_aRU _bРГБ _c20151016 _gRCR |
|
| 942 | _cBOOK | ||
| 980 | _aNBR | ||
| 980 | _aNB | ||